[Event "V Sunway Sitges Open 2018"]
[Site "Sitges"]
[Date "2018.12.20"]
[Round "7"]
[White "Harutyunian, Tigran K."]
[Black "Indjic, Aleksandar"]
[Result "1/2-1/2"]
[WhiteElo "2528"]
[BlackElo "2620"]
[Annotator "TA"]
[PlyCount "39"]
[EventDate "2018.12.14"]
[EventType "swiss"]
[EventCountry "ESP"]
[SourceTitle "playchess.com"]
[Source "ChessBase"]
[SourceQuality "1"]

{[%evp 22,27,1,-2,0,2,0,0]} 1. Nf3 c5 2. c4 Nf6 3. Nc3 Nc6 4. e3 e6 5. d4 cxd4 6. exd4 d5 7. Bd3 dxc4 8. Bxc4 Bb4 9. O-O O-O 10. Bg5 h6 11. Bh4 Be7 12. a3 {LiveBook: 19 Games. The position is equal.} Nh5 {E57: Nimzo-Indian: Rubinstein: Main Line: 7...Nc6 8 a3 dxc4 9 Bxc4 cxd4} (12... Nd5 13. Bg3 b6 14. Nxd5 exd5 15. Bb5 Na5 16. Rc1 Bd6 17. Ne5 a6 18. Bd3 Be6 19. Bb1 Bxe5 20. dxe5 {1-0 (46) Iniyan,P (2451)-Ortiz Suarez,I (2548) Barbera del Valles 2018}) 13. Bxe7 Nxe7 14. d5 {Predecessor:} exd5 $146 15. Nxd5 Nxd5 16. Bxd5 Nf4 17. Bc4 Qf6 18. Qd4 Qxd4 19. Nxd4 Rd8 20. Rad1 {0-1 (87) Lineikin,D-Grekh,A Ukraine 1999} 1/2-1/2

[Event "V Sunway Sitges Open 2018"]
[Site "Sitges"]
[Date "2018.12.20"]
[Round "7"]
[White "Keymer, Vincent"]
[Black "O`Donnell, Conor"]
[Result "1-0"]
[WhiteElo "2508"]
[BlackElo "2346"]
[Annotator "TA"]
[PlyCount "111"]
[EventDate "2018.12.14"]
[EventType "swiss"]
[EventCountry "ESP"]
[SourceTitle "playchess.com"]
[Source "ChessBase"]
[SourceQuality "1"]

{[%evp 19,111,19,33,0,13,10,10,10,4,0,16,0,30,5,30,25,26,0,11,12,12,14,20,12,52,0,0,-14,0,-14,-9,-13,0,0,89,97,106,104,112,83,106,95,119,35,36,31,33,23,33,33,43,31,76,69,69,33,91,81,85,75,81,66,98,68,106,102,520,493,835,760,796,770,715,626,604,539,775,721,5097,3483,12614,7454,10145,8562,5293,2639,5714,6408,29975,29977,6211,6187,5631,5418]} 1. c4 e6 2. Nf3 d5 3. e3 Nf6 4. Nc3 c5 5. cxd5 Nxd5 6. Nxd5 Qxd5 7. b3 Be7 8. Bb2 O-O 9. Bc4 Qd8 10. O-O {A13: English Opening: 1...e6} Nc6 {LiveBook: 9 Games} 11. Qb1 $146 ({Predecessor:} 11. d4 cxd4 12. Nxd4 Nxd4 13. Bxd4 Bd7 14. Qh5 Bc6 15. Rad1 Qc7 16. Bd3 g6 17. Qe2 e5 {½-½ (47) Bocharov,D (2594)-Grachev,B (2653) Serpukhov 2018}) 11... b6 12. d4 {The position is equal.} cxd4 13. Bd3 g6 14. Be4 Bd7 15. Nxd4 Rc8 16. Qd1 Bc5 17. Nxc6 Bxc6 18. Qf3 Bxe4 19. Qxe4 {Threatening Qe5.} Qe7 20. Rad1 Ba3 21. Ba1 $40 {[%mdl 128] White mounts an attack.} Rfd8 22. Rd4 (22. Qe5 $14 f6 23. Qxf6 Qxf6 24. Bxf6) 22... f6 $11 23. Rfd1 e5 24. Rd5 Rxd5 25. Qxd5+ Kf8 26. g4 Rc2 {[#]} (26... Qf7 $11 {remains equal.} 27. Qe4 Qe6) 27. g5 $1 $16 {[%mdl 512]} fxg5 28. Bxe5 Rc8 29. Bg3 h5 30. h3 Re8 {[#]} 31. Qc6 ({Better is} 31. Rd4 $1 $16) 31... Qe6 $14 32. Qxe6 Rxe6 {[%mdl 4096] Endgame KRB-KRB} 33. Rd7 a5 34. Rd5 Be7 35. Be5 Rc6 36. Bd4 Kf7 37. Kg2 Ke6 (37... Bf6 $14) 38. Rb5 $16 Bd8 39. a4 {[%cal Ba2a4,Ba4b5][%mdl 32]} Rd6 40. Kf3 Rd5 41. Ke4 Rxb5 42. axb5 $14 {KB-KB} Bc7 $2 {[%mdl 8192]} (42... g4 $16 43. hxg4 hxg4) 43. f3 $18 Bd8 {[#]} (43... h4 $142 44. Kd3 Kf5) 44. Be5 $1 {[%cal Re5g3]} Be7 45. Bc7 Bc5 46. Bd8 Kd6 47. Bxg5 Ke6 48. Bd8 Kf7 49. Kd5 Ke8 50. Bg5 Kd7 51. e4 {[%cal Be3e4,Be4e5,Be5e6][%mdl 32]} Bf2 52. Bf6 (52. e5 $142 h4 53. e6+ Ke8 54. Kc6) 52... Bg3 53. e5 Bf2 54. e6+ Kc7 55. Be5+ Kd8 56. Bd4 {Accuracy: White = 69%, Black = 34%.} 1-0

[Event "V Sunway Sitges Open 2018"]
[Site "Sitges"]
[Date "2018.12.20"]
[Round "7"]
[White "Vasquez Schroeder, Rodrigo"]
[Black "Alarcon Casellas, Rolando"]
[Result "1/2-1/2"]
[WhiteElo "2495"]
[BlackElo "2387"]
[Annotator "TA"]
[PlyCount "84"]
[EventDate "2018.12.14"]
[EventType "swiss"]
[EventCountry "ESP"]
[SourceTitle "playchess.com"]
[Source "ChessBase"]
[SourceQuality "1"]

{[%evp 11,84,62,82,68,72,60,58,37,54,57,56,65,57,58,118,112,119,115,104,110,176,160,180,179,181,68,59,42,42,41,42,42,47,43,68,68,65,68,73,60,71,63,64,56,70,8,33,0,0,0,0,0,0,0,0,0,0,0,0,0,0,0,0,0,0,-8,-8,-9,-8,-8,0,0,0,0,0]} 1. e4 e6 2. d4 d5 3. Nd2 dxe4 4. Nxe4 Nf6 5. Nxf6+ gxf6 6. Be3 b6 {LiveBook: 7 Games. C10: French with 3 Nc3: Unusual Black 3rd moves and 3...dxe4} (6... Bd7 7. g3 Bc6 8. Nf3 Qe7 9. Qe2 Nd7 10. Bg2 f5 11. O-O O-O-O 12. Bg5 Nf6 13. c4 Be4 14. Qe3 {0-1 (27) Gil,M (2603)-Szczepanski,Z (2580) ICCF email 2010}) 7. Bb5+ c6 8. Bc4 $146 ({Predecessor:} 8. Be2 Bb7 9. Bf3 Qc7 10. Ne2 Nd7 11. Qd2 O-O-O 12. O-O-O {½-½ (12) Bru Rullo,L (2220)-Vigo Allepuz,D (2231) Barcelona 2013}) 8... Ba6 {White is slightly better.} 9. Bb3 Qd6 10. Qf3 Nd7 11. O-O-O h5 12. Kb1 O-O-O {[#]} (12... Qc7 $1 $14) 13. Bf4 $1 $16 {[%cal Rf4d6]} Ne5 14. Bxe5 $1 fxe5 15. Qxf7 Kb8 {[#]} (15... Qe7 $16 {is a better defense.} 16. Qxe7 (16. Bxe6+ Kc7 $16) (16. Qxe6+ Qxe6 17. Bxe6+ Kc7 $16) 16... Bxe7) 16. Nf3 $1 $18 {[%cal Rf3e5]} (16. Qxe6 $6 Qxe6 17. Bxe6 exd4 $14) (16. Bxe6 $6 Be7 $14) 16... Be2 17. Rde1 (17. Bxe6 Bxd1 18. Rxd1 Be7 $15) (17. Qxe6 Qxe6 18. Bxe6 Bxd1 $17) 17... Rd7 18. Qxe6 (18. Qe8+ $18 Rd8 19. Qg6 (19. Qxe6 Qxe6 20. Bxe6 Bxf3 $14) (19. dxe5 Rxe8 20. exd6 Bxf3 $16) 19... Bxf3 20. dxe5 (20. gxf3 Rh6 $14)) 18... Bxf3 $1 $14 19. Qxd6+ Bxd6 20. dxe5 Bxg2 21. Rhg1 $1 Bxe5 ({Much worse is} 21... Bb4 $6 22. c3 $16) 22. Rxe5 Rf8 23. Rxh5 Rxf2 24. a4 Kc7 25. Re1 a5 26. h4 Bh3 27. Rg1 Re7 28. Bc4 ({White should try} 28. Rh6 $14) 28... Bf5 $11 29. Rc1 Re3 {The position is equal.} 30. Rh6 Rxc2 31. Rxc2 Re1+ 32. Ka2 Bxc2 {[%mdl 4096] Endgame KRB-KRB} 33. b3 Rh1 34. Kb2 Bd1 35. Kc3 Rh3+ 36. Kb2 Rh2+ 37. Kc1 Bf3 38. Rf6 Bh5 39. Rf4 Kd6 40. Bd3 Be8 41. Rf8 Ke7 42. Rh8 Bf7 {Accuracy: White = 76%, Black = 45%.} 1/2-1/2

[Event "V Sunway Sitges Open 2018"]
[Site "Sitges"]
[Date "2018.12.20"]
[Round "7"]
[White "Henderson De La Fuente, Lance"]
[Black "Chkhaidze, Nikoloz"]
[Result "1-0"]
[WhiteElo "2484"]
[BlackElo "2297"]
[Annotator "TA"]
[PlyCount "135"]
[EventDate "2018.12.14"]
[EventType "swiss"]
[EventCountry "ESP"]
[SourceTitle "playchess.com"]
[Source "ChessBase"]
[SourceQuality "1"]

{[%evp 26,135,27,-12,44,46,47,40,47,27,54,45,80,80,77,74,78,61,66,66,65,0,60,60,62,72,77,65,72,75,83,70,83,78,86,27,49,53,57,27,54,54,52,51,54,44,44,51,95,37,37,29,24,18,27,18,27,18,63,15,15,15,17,16,20,14,16,7,8,0,17,0,16,17,18,0,0,0,0,0,0,0,0,0,115,152,362,320,742,407,813,656,6283,5065,29949,29946,29952,29953,29957,29957,29951,29954,8175,-8,29978,29979,29990,-29,29991,29992,29994,29995]} 1. e4 e5 2. Nf3 Nc6 3. Bb5 Nf6 4. O-O Nxe4 5. Re1 Nd6 6. Nxe5 Be7 7. Bf1 Nxe5 8. Rxe5 O-O 9. d4 Bf6 10. Re1 Re8 {C67: Ruy Lopez: Berlin Defence: 4 0-0 Nxe4} 11. Bf4 (11. c3 Rxe1 12. Qxe1 Ne8 13. d5 c6 14. Nd2 cxd5 15. Nf3 d6 16. Be3 Nc7 17. Qd2 Bd7 18. g3 {½-½ (32) Giri,A (2780)-Caruana,F (2827) Batumi 2018}) 11... Rxe1 12. Qxe1 Ne8 13. Nc3 d6 14. Nd5 {LiveBook: 4 Games} Be6 (14... Bxd4 $11 15. Ne7+ Kh8) 15. Nxf6+ $14 Nxf6 {[#]} 16. Qa5 $146 ({Predecessor:} 16. c4 Qd7 17. Bg5 Re8 18. Bxf6 gxf6 {0-1 (57) Heimann,A (2591)-Bindrich,F (2585) Dresden 2017}) 16... h6 17. Re1 c6 18. Qa3 d5 19. Bd3 Qb6 20. c3 Re8 21. h3 a6 22. Re2 Qd8 23. Qb3 (23. Be5 $14) 23... Bc8 (23... Bf5 $1 $11 24. Rxe8+ Qxe8 25. Bxf5 Qe1+ 26. Kh2 Qxf2) 24. Qc2 Rxe2 25. Qxe2 Be6 26. Bb1 Ne4 27. f3 Qh4 28. Be5 Ng3 29. Qf2 Nf5 30. Bd3 (30. g4 $1 $16 {[%cal Rg4f5]} Qxf2+ 31. Kxf2) 30... Qxf2+ 31. Kxf2 $11 {[%mdl 4096] Endgame KBB-KBN} f6 32. Bc7 (32. g4 $5 {[%cal Rg4f5]} Ne7 33. Bd6 $16) 32... Kf7 33. g4 Ne7 34. Kg3 f5 35. Bd6 fxg4 36. hxg4 Ng8 37. Bf4 (37. Kh4 $16) 37... Nf6 38. Bd2 g5 39. Kf2 Ke7 40. Ke2 Kd6 41. Kd1 Kc7 42. Be1 Kd7 43. Bg3 Ke7 44. Be5 Bf7 45. Bf5 Be6 46. Bg6 Bf7 47. Bf5 Be6 48. Bd3 Bf7 49. Ke2 h5 50. Bf5 hxg4 $1 51. Bc8 gxf3+ 52. Kxf3 b5 53. Bxf6+ Kxf6 {KB-KB} 54. Bd7 c5 (54... Be6 $11 55. Bxc6 Ke7) 55. dxc5 $16 d4 $2 (55... Ke7 $16 {was worth a try.}) 56. cxd4 $18 Bxa2 $2 (56... Bd5+ 57. Ke3 b4) 57. Bc6 b4 (57... Ke6 $142 58. Ke4 Bb1+ 59. Ke3 Ba2) 58. d5 a5 {[#]} 59. d6 $1 Bb3 {[#]} 60. Bb5 $1 Ke6 61. d7 Ke7 62. c6 Be6 63. Ke4 g4 64. Kd4 $2 ({White should try} 64. Kf4 $18 {Ke4 is the strong threat.} b3 65. Ke4) 64... Kd8 $2 {[%mdl 8192]} (64... g3 $11 65. Ke3 Bh3) 65. Kc5 Kc7 {[#]} 66. d8=Q+ $1 {[%mdl 576] Deflection} Kxd8 67. Kd6 Bd5 68. c7+ {Accuracy: White = 49%, Black = 37%.} 1-0

[Event "V Sunway Sitges Open 2018"]
[Site "Sitges"]
[Date "2018.12.20"]
[Round "7"]
[White "Garriga Cazorla, Pere"]
[Black "Bharath, Subramaniyam H"]
[Result "1-0"]
[WhiteElo "2448"]
[BlackElo "2234"]
[Annotator "NA"]
[PlyCount "125"]
[EventDate "2018.12.14"]
[EventType "swiss"]
[EventCountry "ESP"]
[SourceTitle "playchess.com"]
[Source "ChessBase"]
[SourceQuality "1"]
[TimeControl "40/5400+30:1800+30"]

1. Nf3 {[%emt 0:00:00]} Nf6 {[%emt 0:00:00]} 2. c4 {[%emt 0:00:00]} b6 {[%emt 0:00:17]} 3. Nc3 {[%emt 0:00:00]} Bb7 {[%emt 0:00:08]} 4. d4 {[%emt 0:00:00]} g6 {[%emt 0:00:25]} 5. Qc2 {[%emt 0:00:00] A50: Queen's Fianchetto Defence (1 d4 Nf6 2 c4 b6)} (5. g3 Bg7 6. Bg2 O-O 7. O-O e6 8. Bf4 d6 9. Qc2 Nbd7 10. Rad1 Qe7 11. e4 e5 12. Bc1 Rfe8 13. Nd5 Nxd5 14. cxd5 Rac8 15. dxe5 dxe5 {½-½ (68) Wang,Y (2690)-Mamedyarov,S (2804) chess.com INT 2018}) 5... d5 {[%emt 0:00:35]} 6. Bg5 {[%emt 0:03:56]} dxc4 $146 {[%emt 0:12:47]} ({Predecessor:} 6... Bg7 7. cxd5 Nxd5 8. e4 Nxc3 9. bxc3 O-O 10. Rd1 Nd7 11. Be2 h6 12. Bh4 Qe8 {1-0 (48) Berkes,F (2677)-Czebe,A (2451) Gyula 2013}) 7. e4 {[%emt 0:05:07]} Bg7 {[%emt 0:04:43]} 8. Bxc4 {[%emt 0:01:26]} O-O {[%emt 0:00:34]} 9. Rd1 {[%emt 0:02:03]} c5 {[%emt 0:20:27]} 10. d5 {[%emt 0:03:06]} h6 {[%emt 0:03:55]} 11. Bf4 {[%emt 0:05:46]} Nbd7 {[%emt 0:02:19] [#]} 12. h3 $1 {[%emt 0:02:36]} a6 {[%emt 0:16:57]} 13. a4 {[%emt 0:01:16]} g5 {[%emt 0:00:57]} (13... Ne8 $16) 14. Bh2 {[%emt 0:05:50]} Nh5 {[%emt 0:10:12]} 15. e5 {[%emt 0:08:43]} b5 {[%emt 0:11:23]} 16. axb5 {[%emt 0:01:31]} axb5 {[%emt 0:00:35]} 17. Bxb5 {[%emt 0:00:35]} Nb6 {[%emt 0:00:01]} 18. O-O {[%emt 0:04:49]} Nxd5 {[%emt 0:01:37]} 19. Nxd5 {[%emt 0:00:28]} Bxd5 {[%emt 0:00:01]} 20. Bc4 {[%emt 0:00:08]} ({Don't take} 20. Qxc5 $6 e6 $16) 20... e6 {[%emt 0:00:19]} 21. Bxd5 {[%emt 0:00:06]} exd5 {[%emt 0:00:06]} 22. Qxc5 {[%emt 0:00:19]} Qa5 {[%emt 0:02:45]} (22... Rc8 $142 23. Qxd5 Qxd5 24. Rxd5 Rc4) 23. Qc2 {[%emt 0:06:50]} Rac8 {[%emt 0:01:11]} 24. Qf5 {[%emt 0:01:15]} Qb4 {[%emt 0:02:08]} 25. Rxd5 {[%emt 0:01:31]} Qxb2 {[%emt 0:00:25]} 26. Rd2 {[%emt 0:04:28]} Qb4 {[%emt 0:00:56]} 27. Rd4 {[%emt 0:00:27]} Rc4 {[%emt 0:00:23]} 28. Rxc4 $18 {[%emt 0:02:28]} Qxc4 {[%emt 0:00:02]} 29. Nxg5 {[%emt 0:00:37]} hxg5 {[%emt 0:00:23]} 30. Qxg5 {[%emt 0:00:04]} Qe2 {[%emt 0:00:18]} 31. g4 {[%emt 0:00:02]} f6 {[%emt 0:01:44]} 32. Qxh5 {[%emt 0:00:07]} fxe5 {[%emt 0:00:01]} 33. Bg3 {[%emt 0:01:04]} Rf3 {[%emt 0:02:57]} 34. Qg5 {[%emt 0:00:52]} Rd3 {[%emt 0:04:02]} 35. Rc1 {[%emt 0:01:00]} Rd1+ {[%emt 0:00:28]} 36. Rxd1 {[%emt 0:00:04]} Qxd1+ {[%emt 0:00:03]} 37. Kh2 {[%emt 0:00:26]} Qf3 {[%emt 0:00:01]} 38. Qe3 {[%emt 0:01:18]} Qf7 {[%emt 0:00:36]} 39. Qe4 {[%emt 0:00:16]} Qe6 {[%emt 0:00:29]} 40. h4 {[%emt 0:00:00]} Kf7 {[%emt 0:00:00]} 41. Kh3 {[%emt 0:02:05]} Qa6 {[%emt 0:01:48]} 42. Qf5+ {[%emt 0:00:12]} Kg8 {[%emt 0:00:13]} 43. h5 {[%emt 0:00:32]} Qc6 {[%emt 0:00:33]} 44. Kh2 e4 {[%emt 0:00:25]} 45. g5 {[%emt 0:01:25]} Qe8 {[%emt 0:00:46]} 46. h6 {[%emt 0:01:07]} Bf8 {[%emt 0:00:23]} 47. Kg2 {[%emt 0:02:36]} e3 {[%emt 0:00:12]} 48. Qd5+ {[%emt 0:00:08]} Kh7 {[%emt 0:00:13]} 49. Qd3+ {[%emt 0:00:18]} Qg6 {[%emt 0:00:30]} 50. Qxe3 {[%emt 0:00:53]} Qc6+ {[%emt 0:00:06]} 51. f3 {[%emt 0:01:04]} Qc2+ {[%emt 0:00:04]} 52. Kh3 {[%emt 0:00:25]} Qf5+ {[%emt 0:00:39]} 53. Kh4 {[%emt 0:00:33]} Qf7 {[%emt 0:00:58]} 54. Qe4+ {[%emt 0:00:06]} Kg8 {[%emt 0:00:02]} 55. h7+ {[%emt 0:00:59]} Kh8 {[%emt 0:00:54]} 56. Be5+ {[%emt 0:01:17]} Bg7 {[%emt 0:00:02]} 57. Bxg7+ {[%emt 0:00:40]} Kxg7 {[%emt 0:00:47]} 58. g6 {[%emt 0:01:48]} Qf6+ {[%emt 0:00:08]} 59. Kg4 {[%emt 0:00:06]} Qf8 {[%emt 0:00:41]} 60. f4 {[%emt 0:01:25]} Qd8 {[%emt 0:00:26]} 61. h8=Q+ {[%emt 0:02:47]} Kxh8 {[%emt 0:01:03]} 62. Qh1+ {[%emt 0:00:16]} Kg7 {[%emt 0:00:08]} 63. Qh7+ {[%emt 0:00:00]} 1-0

[Event "V Sunway Sitges Open 2018"]
[Site "Sitges"]
[Date "2018.12.20"]
[Round "7"]
[White "Sadhwani, Raunak"]
[Black "Gordievsky, Dmitry"]
[Result "1/2-1/2"]
[WhiteElo "2434"]
[BlackElo "2614"]
[Annotator "TA"]
[PlyCount "32"]
[EventDate "2018.12.14"]
[EventType "swiss"]
[EventCountry "ESP"]
[SourceTitle "playchess.com"]
[Source "ChessBase"]
[SourceQuality "1"]

{[%evp 20,32,0,0,0,0,0,-4,0,0,0,0,0,-5,0]} 1. e4 c5 2. Nf3 Nc6 3. d4 cxd4 4. Nxd4 Qb6 5. Nb3 Nf6 6. Nc3 e6 7. Be2 Bb4 {B33: Sicilian: Pelikan and Sveshnikov Variations} (7... a6 8. O-O Be7 9. Be3 Qc7 10. a4 b6 11. f4 d6 12. Qe1 O-O 13. Rc1 Re8 14. Qf2 Rb8 15. Nd4 {0-1 (107) Malakhov,I (2454)-Motylev,A (2663) Tallinn 2016}) 8. O-O O-O 9. Qd3 Bxc3 10. bxc3 d5 11. exd5 {LiveBook: 3 Games. The position is equal.} exd5 12. Bf4 Re8 13. Rab1 Ne5 14. Qd4 Nc6 {[#]} 15. Qd3 $146 ({Predecessor:} 15. Qxb6 axb6 {1-0 (50) Yurtaev,L (2505)-Karasev,V (2370) Leningrad 1989}) 15... Ne5 16. Qd4 Nc6 1/2-1/2

[Event "V Sunway Sitges Open 2018"]
[Site "Sitges"]
[Date "2018.12.20"]
[Round "7"]
[White "Seyb, Alexander"]
[Black "Santos Latasa, Jaime"]
[Result "1/2-1/2"]
[WhiteElo "2419"]
[BlackElo "2584"]
[Annotator "TA"]
[PlyCount "43"]
[EventDate "2018.12.14"]
[EventType "swiss"]
[EventCountry "ESP"]
[SourceTitle "playchess.com"]
[Source "ChessBase"]
[SourceQuality "1"]

{[%evp 16,43,19,11,9,21,14,-45,-26,-28,-38,-52,50,40,41,45,45,44,39,39,54,50,47,40,54,51,46,20,58,21]} 1. e4 e6 2. d4 d5 3. Nc3 Bb4 4. e5 c5 5. a3 Ba5 6. b4 cxd4 7. Qg4 Kf8 {C18: French: 3 Nc3 Bb4: Main line: 7 h4 and 7 Qg4} 8. Nb5 Bb6 9. Nf3 {LiveBook: 44 Games} ({Reject} 9. Nxd4 Qc7 $15) 9... Ne7 {The position is equal.} (9... Nc6 10. Bb2 Nge7 11. Bd3 Ng6 12. Qg3 f6 13. Bxg6 hxg6 14. Nbxd4 Nxe5 15. Nxe5 fxe5 {½-½ (24) Grischuk,A (2766)-Mamedyarov,S (2801) Saint Louis 2018}) 10. Bd3 Nbc6 11. Qf4 $146 ({White should try} 11. Bb2 $11) ({Predecessor:} 11. Bb2 Ng6 12. Qg3 f6 13. Bxg6 hxg6 14. Nbxd4 Nxe5 15. Nxe5 fxe5 16. Qxe5 {1-0 (59) Shankland,S (2679)-Ashwin,J (2468) Atlantic City 2016}) 11... Ng6 $15 12. Bxg6 $1 hxg6 13. Bb2 f6 ({Better is} 13... Bd7 $15) 14. Nbxd4 $14 {[#]} g5 $1 {[%mdl 512] [#]} 15. exf6 $1 {[%mdl 512]} (15. Nxg5 Bxd4) 15... gxf4 (15... Qxf6 16. Qxf6+) 16. fxg7+ $1 Kxg7 ({Of course not} 16... Kf7 $6 17. Nxc6 Rg8 18. Nxd8+ Bxd8 19. O-O-O $18) 17. Nxc6+ {[#]} Qf6 $1 {[%cal Rf6b2][%mdl 512]} 18. Bxf6+ Kxf6 19. Nce5 a5 20. O-O Bc7 21. Ng4+ Ke7 22. Rfe1 {Accuracy: White = 67%, Black = 66%.} 1/2-1/2

[Event "V Sunway Sitges Open 2018"]
[Site "Sitges"]
[Date "2018.12.20"]
[Round "7"]
[White "Sarkar, Justin"]
[Black "Xu, Xiangyu"]
[Result "1/2-1/2"]
[WhiteElo "2332"]
[BlackElo "2565"]
[Annotator "TA"]
[PlyCount "99"]
[EventDate "2018.12.14"]
[EventType "swiss"]
[EventCountry "ESP"]
[SourceTitle "playchess.com"]
[Source "ChessBase"]
[SourceQuality "1"]

{[%evp 12,99,53,51,69,63,66,59,82,42,67,62,64,51,43,51,85,79,282,264,238,61,55,54,117,109,119,95,100,101,103,104,96,73,79,75,79,72,75,91,69,56,81,14,39,56,60,55,54,0,14,14,14,14,93,105,87,87,100,39,36,0,0,0,0,0,0,0,0,0,0,0,0,0,0,0,0,0,0,0,0,0,0,0,0,0,0,0,0,0]} 1. d4 d5 2. c4 e6 3. Nc3 Bb4 4. Nf3 Ne7 5. Qa4+ Nbc6 {[%cal Bb8c6,Bc6e7,Be7f5][%mdl 32]} 6. e3 {D31: Queen's Gambit Declined: Semi-Slav without ...Nf6 (+ Marshall Gambit and Noteboom) and Exchange Variation lines without ...Nf6} O-O 7. Bd2 {LiveBook: 3 Games} Ng6 $146 ({Predecessor:} 7... a5 8. a3 Bxc3 9. Bxc3 b6 10. cxd5 exd5 11. Be2 Ba6 12. Bxa6 Rxa6 {1-0 (60) Sadzikowski,D (2582)-Jobava,B (2669) Gallipoli 2018}) 8. a3 {White is slightly better.} Bxc3 9. Bxc3 Nce7 10. Bd3 Bd7 11. Qc2 dxc4 12. Bxc4 Bc6 13. h4 $36 {[%cal Bh2h4,Bh4h5][%mdl 2080] White fights for an advantage.} Nf5 {[%cal Rf5h4]} 14. h5 Ngh4 $2 (14... Nge7 $16 {keeps fighting.}) 15. Nxh4 $18 Nxh4 {[#]} 16. f3 $2 (16. O-O-O $1 $18) 16... Nf5 $14 17. Qf2 Qg5 (17... h6 $14) 18. e4 $16 Qe3+ 19. Be2 Qxf2+ 20. Kxf2 Nd6 21. h6 {Black must now prevent hxg7.} g6 22. Rhd1 f5 23. d5 exd5 24. exd5 Bb5 25. Bxb5 Nxb5 26. Be5 Rfe8 27. f4 ({White should play} 27. Bf6 $16) 27... Rad8 28. Rac1 {[#] a4 is the strong threat.} Rd7 29. Rc5 Nd6 30. Kf3 (30. Bxd6 $1 $14 cxd6 31. Rc2) 30... Kf7 31. Rdc1 Ree7 32. Bxd6 cxd6 $11 {[%mdl 4096] Endgame KRR-KRR} (32... Rxd6 $11 {remains equal.} 33. R1c3 (33. Rxc7 Rxd5 34. b4 Rd3+ 35. Kf2 a6 $11) 33... b6 34. Rxc7 Rxd5) 33. Rc8 $16 Re8 34. g4 Rde7 35. gxf5 ({White should try} 35. Rxe8 $16 Rxe8 36. g5) 35... gxf5 $14 36. Kg3 Kg6 {The position is equal.} 37. Rxe8 Rxe8 $11 {KR-KR} 38. Rc7 Re3+ 39. Kh4 {Threatens to win with Rd7.} Rf3 40. Rxb7 Rxf4+ 41. Kg3 Ra4 42. Rd7 Kxh6 43. Rxd6+ Kg5 44. Rd7 h5 {[%cal Bh7h5,Bh5h4][%mdl 32]} 45. d6 h4+ 46. Kh3 Rd4 47. Rg7+ Kh5 48. Rh7+ Kg5 49. Rg7+ Kh5 50. Rh7+ {Accuracy: White = 63%, Black = 50%.} 1/2-1/2

[Event "V Sunway Sitges Open 2018"]
[Site "Sitges"]
[Date "2018.12.20"]
[Round "7"]
[White "Henni, Mohamed"]
[Black "Kadric, Denis"]
[Result "0-1"]
[WhiteElo "2314"]
[BlackElo "2554"]
[Annotator "TA"]
[PlyCount "72"]
[EventDate "2018.12.14"]
[EventType "swiss"]
[EventCountry "ESP"]
[SourceTitle "playchess.com"]
[Source "ChessBase"]
[SourceQuality "1"]

{[%evp 9,72,0,0,0,2,0,2,-21,0,-64,-64,-68,-51,-44,-69,-56,-62,-87,-44,-78,-58,-62,-63,-56,-58,-56,-28,-44,-32,-91,-88,-100,-98,-170,-162,-246,-247,-245,-245,-250,-249,-257,-243,-620,-620,-598,-619,-618,-630,-587,-577,-652,-648,-644,-615,-648,-627,-887,-867,-1227,-898,-1243,-1220,-1113,-1064]} 1. e4 g6 2. d4 Bg7 3. Nc3 a6 4. h4 (4. f4 b5 5. Nf3 d6 6. Bd3 Nd7 7. e5 c5 8. Be4 Rb8 9. Be3 b4 10. Ne2 Nh6 11. dxc5 Nxc5 12. Bxc5 dxc5 13. Bc6+ Bd7 14. Qd5 Rc8 15. Bxd7+ Qxd7 16. Qxd7+ Kxd7 {1-0 (41) Yu,Y (2760)-Adhiban,B (2655) chess.com INT 2018}) 4... d5 5. h5 $146 ({Predecessor:} 5. Nxd5 e6 6. Ne3 Qxd4 7. Qxd4 Bxd4 8. Nf3 Bg7 9. h5 Nd7 10. Ng4 Ngf6 11. h6 Bf8 12. Nxf6+ Nxf6 {½-½ (45) Li,R (2486)-Kadric,D (2546) Philadelphia 2016}) 5... dxe4 6. Be3 {B06: Modern Defence} Nf6 7. h6 Bf8 8. f3 {The position is equal.} exf3 9. Qxf3 (9. Nxf3 $11 Nc6 10. Bc4) 9... Nc6 $15 10. Rh4 e6 {White must now prevent ...Be7.} 11. Bg5 Be7 12. O-O-O $1 O-O 13. Nh3 Nb4 14. Rf4 {[%cal Rg5f6]} Nfd5 {[%mdl 64] [#] Discovered Attack} 15. Bxe7 Qxe7 16. Nxd5 Nxd5 17. Re4 $1 f5 (17... b5 {keeps more tension.} 18. g4 Bb7 19. Ree1 b4 20. g5 a5) 18. Ree1 {Qxd5! is the strong threat.} Qh4 $36 {[%mdl 2048] Black has good play.} 19. c4 (19. Kb1 $15) 19... Qxh6+ $17 20. Kb1 {[#]} Nf6 $1 {[%cal Bd5f6,Bf6e4,Be4g3][%mdl 32]} 21. d5 (21. Bd3 $17) 21... Ne4 $19 {aiming for ...Nd2+.} 22. Qf4 (22. Ka1 {was necessary.}) 22... Qxf4 23. Nxf4 e5 24. Nd3 Re8 25. g4 Ng3 26. Rxe5 $2 (26. gxf5 Nxf1 27. fxg6) 26... Rxe5 {Black is clearly winning.} 27. Nxe5 Nxf1 28. Rxf1 fxg4 {[%mdl 4096] Endgame KRB-KRN} 29. Kc2 Bf5+ 30. Kc3 h5 {[%cal Bh7h5,Bh5h4,Bh4h3][%mdl 32]} 31. Kd4 Kg7 32. b4 Rd8 33. a4 h4 34. Ke3 g3 35. Nf3 Re8+ 36. Kd2 h3 {Accuracy: White = 26%, Black = 87%.} 0-1